Normal view
MARC view
Entry Término temático
001 - NÚMERO DE CONTROL
- campo de control: 165988
003 - IDENTIFICADOR DE NÚMERO DE CONTROL
- campo de control: OSt
005 - FECHA Y HORA DE LA ÚLTIMA TRANSACCIÓN
- campo de control: 20230222193228.0
008 - ELEMENTOS DE DATO DE LONGITUD-FIJA
- campo de control de longitud fija: 190116 b azzaaaaaa a aaa d
040 ## - FUENTE DE CATALOGACIÓN
- Centro catalogador/agencia de origen: OSt
- Centro/agencia transcriptor: OSt
150 ## - ENCABEZAMIENTO--TÉRMINO DE MATERIA
- Término de materia o nombre geográfico como elemento de entrada: Alimentos-
- Subdivisión general: Abastecimiento-
- Subdivisión geográfica: Marruecos-
- Subdivisión de forma: Historia-
- Subdivisión de forma: Fuentes
